Labor relations and multinational corporations : the Cerro de Pasco Corporation in Peru (1902-1974) /

Salvato in:
Dettagli Bibliografici
Autore principale: Kruijt, Dirk
Altri autori: Vellinga, Menno
Natura: Libro
Lingua:English
Pubblicazione: Assen : Van Gorcum, 1979.
Serie:Studies of developing countries ; 25
Soggetti:
LEADER 01291nam a2200313 i 4500
001 c000233505
003 CARM
005 20131004115730.0
008 840229s1979 ne b 001 0 eng d
019 1 |a 1715445  |5 LACONCORD2021 
020 |a 9023217071 
035 |a (OCoLC)6279194  |5 LACONCORD2021 
040 |a VCAV  |c VCAV 
082 0 4 |a 331.0422343098523 
100 1 |a Kruijt, Dirk. 
245 1 0 |a Labor relations and multinational corporations :  |b the Cerro de Pasco Corporation in Peru (1902-1974) /  |c Dirk Kruijt and Menno Vellinga ; translation : Henk Jarring. 
260 |a Assen :  |b Van Gorcum,  |c 1979. 
300 |a xviii, 262 p. ;  |c 24 cm. 
490 0 |a Studies of developing countries ;  |v 25 
500 |a Includes indexes. 
504 |a Bibliography: p. 243-253. 
610 2 0 |a Cerro Corporation  |x Personnel management  |x History. 
650 0 |a Copper miners  |z Peru  |x History. 
650 0 |a Collective bargaining  |x International business enterprises  |z Peru  |x History. 
650 0 |a Industrial relations  |z Peru  |x History. 
700 1 |a Vellinga, Menno. 
852 8 |b CARM  |h A1:AP05G0  |i C08870  |p 0339520  |f BK 
999 f f |i 57482456-3e98-51a2-87d7-0f3a737ec779  |s e6742a4c-1f40-5066-bfda-73216a5a0a98 
952 f f |p Can circulate  |a CAVAL  |b CAVAL  |c CAVAL  |d CARM 1 Store  |e C08870  |f A1:AP05G0  |h Other scheme  |i book  |m 0339520